| 000 | 00504nam a22001697a 4500 | ||
|---|---|---|---|
| 005 | 20240305164806.0 | ||
| 008 | 240305b |||||||| |||| 00| 0 eng d | ||
| 041 | _amar | ||
| 082 |
_223 _a610.73 _bपरुळे |
||
| 100 |
_aपरुळेकर श. व्ही. _9186930 |
||
| 245 |
_aप्रथोमचार _b(First Aid) |
||
| 250 | _a1 | ||
| 260 |
_bवोरा मेडिकल पब्लिकेशन _c2002 |
||
| 300 | _aVI;167P. | ||
| 650 | _aNursing Foundation | ||
| 942 | _cDB | ||
| 999 |
_c357408 _d357408 |
||